[Event "Cup Russia"]
[Site "Serpukhov RUS"]
[Date "2007.11.14"]
[Round "5.2"]
[White "Tomashevsky, E."]
[Black "Zvjaginsev, V."]
[Result "1/2-1/2"]
[WhiteElo "2646"]
[BlackElo "2674"]
[PlyCount "88"]
[EventDate "2007.11.05"]
[Source "www.chesslib.no"]
[SourceDate "2004.05.04"]

1. c4 e6 2. Nf3 d5 3. g3 c5 4. Bg2 Nf6 5. O-O Be7 6. d4 O-O 7. cxd5 exd5 8. dxc5 Be6 9. Be3 Nbd7 10. Nc3 Bxc5 11. Bd4 Rc8 12. Rc1 Bxd4 13. Qxd4 Qb6 14. Qxb6 Nxb6 15. Nd4 Nc4 16. b3 Ne5 17. Ncb5 Bd7 18. Nd6 Rxc1 19. Rxc1 Nc6 20. Nxc6 Bxc6 21. Nf5 Re8 22. Nd4 Kf8 23. Bh3 Re7 24. f3 g6 25. Kf2 h5 26. Rc2 Bd7 27. Bxd7 Rxd7 28. Ke3 Ke7 29. Kf4 Ne8 30. Rc8 Ng7 31. Kg5 Ne8 32. h4 a6 33. Rc3 Kf8 34. Rc8 Ke7 35. Kf4 Nd6 36. Rc5 Ne8 37. Rc1 Nc7 38. g4 Kf6 39. g5+ Ke7 40. Ke5 Kd8 41. Rd1 Re7+ 42. Kf4 Kd7 43. e4 Kd6 44. Ke3 Ke5 1/2-1/2

[Event "Calvia (ol)"]
[Site "?"]
[Date "2004.??.??"]
[Round "?"]
[White "Kozul, Z."]
[Black "Beliavsky, A."]
[Result "1/2-1/2"]
[WhiteElo "2640"]
[BlackElo "2660"]
[PlyCount "62"]
[EventDate "2004.??.??"]
[Source "Chess Informant"]
[SourceDate "2004.10.01"]

1. d4 Nf6 2. c4 e6 3. Nf3 d5 4. g3 Be7 5. Bg2 O-O 6. O-O c6 7. Qc2 b6 8. cxd5 cxd5 9. Bf4 Bb7 10. Ne5 Nfd7 11. e4 Nxe5 12. Bxe5 Nc6 13. exd5 Nb4 14. Qd1 Bxd5 15. Nc3 Bxg2 16. Kxg2 Qd7 17. Qg4 g5 18. d5 Nxd5 19. Rad1 Rad8 20. Rfe1 Qc6 21. Kg1 f6 22. Nxd5 Rxd5 23. Rxd5 Qxd5 24. Bc3 e5 25. h4 f5 26. Qa4 e4 27. Qxa7 Qe6 28. hxg5 f4 29. gxf4 Qg4+ 30. Kf1 Qh3+ 31. Kg1 Qg4+ 1/2-1/2

[Event "Madrid"]
[Site "?"]
[Date "1995.??.??"]
[Round "?"]
[White "Illescas Cordoba, M."]
[Black "Yusupov, A."]
[Result "1/2-1/2"]
[WhiteElo "2595"]
[BlackElo "2660"]
[PlyCount "56"]
[EventDate "1995.??.??"]
[Source "ChessBase"]
[SourceDate "1995.02.01"]

1. d4 Nf6 2. Nf3 e6 3. g3 d5 4. Bg2 Be7 5. c4 O-O 6. O-O c6 7. Qc2 b6 8. Rd1 Ba6 9. b3 Nbd7 10. Nc3 dxc4 11. bxc4 Bxc4 12. Bg5 Nd5 13. Ne4 Ba6 14. Bxe7 Qxe7 15. Neg5 N7f6 16. e4 Nb4 17. Qb1 h6 18. a3 hxg5 19. axb4 Be2 20. Nxg5 Bxd1 21. e5 Ne4 22. Nxe4 Bh5 23. Nd6 Rad8 24. Bxc6 Rxd6 25. exd6 Qxd6 26. Bg2 Qxd4 27. Rxa7 Qc3 28. h4 Rd8 1/2-1/2

[Event "Tilburg"]
[Site "Tilburg NED"]
[Date "1985.09.10"]
[Round "10"]
[White "Korchnoi, Viktor L"]
[Black "Huebner, Robert"]
[Result "1/2-1/2"]
[WhiteElo "2630"]
[BlackElo "2620"]
[PlyCount "140"]
[EventDate "1985.08.??"]
[Source "www.chesslib.no"]
[SourceDate "2004.05.04"]

1. Nf3 Nf6 2. c4 e6 3. g3 d5 4. Bg2 Be7 5. d4 O-O 6. Nc3 c6 7. O-O b6 8. b3 Nbd7 9. Bb2 Ba6 10. a4 Rc8 11. Nd2 Bb7 12. e4 dxe4 13. Ndxe4 Nxe4 14. Nxe4 Nf6 15. a5 Rc7 16. a6 Bc8 17. Nc3 Bd7 18. Re1 c5 19. d5 exd5 20. cxd5 Bd6 21. Ne4 Nxe4 22. Bxe4 Bc8 23. Qc2 h6 24. Qc3 f6 25. Bc2 Re8 26. Qd3 f5 27. Re6 Rxe6 28. dxe6 Bxe6 29. Re1 Qd7 30. Qe2 Bf7 31. Qf3 c4 32. Bxf5 Qc6 33. Qc3 Bf8 34. Bb1 Bg6 35. Bxg6 Qxg6 36. bxc4 b5 37. Qe5 Rxc4 38. Qxb5 Rb4 39. Qd5+ Qf7 40. Qxf7+ Kxf7 41. Be5 Bc5 42. Kf1 g5 43. Rc1 Rb5 44. Bc3 Ke6 45. Bg7 h5 46. Re1+ Kf5 47. Re5+ Kg6 48. Bh8 Rb1+ 49. Kg2 Rc1 50. Re6+ Kh7 51. Bf6 Rc2 52. Bxg5 Rxf2+ 53. Kh3 Ra2 54. Rh6+ Kg7 55. Rxh5 Bg1 56. Bh6+ Kg6 57. Kg4 Bxh2 58. Bf4 Bg1 59. Rh6+ Kg7 60. Rh1 Bd4 61. Rd1 Ra4 62. Kf5 Kf7 63. g4 Ra5+ 64. Ke4 Bc5 65. Rh1 Rxa6 66. Rh7+ Kg8 67. Rd7 Rf6 68. Be5 Rf7 69. Rd8+ Kh7 70. Kd5 Bf8 1/2-1/2

[Event "Jugoslavija 73/562"]
[Site "?"]
[Date "1998.??.??"]
[Round "?"]
[White "Atalik, Suat"]
[Black "Georgiev, Kiril"]
[Result "1/2-1/2"]
[WhiteElo "2585"]
[BlackElo "2660"]
[PlyCount "84"]
[EventDate "1998.??.??"]
[Source "ChessBase"]
[SourceDate "1998.06.01"]

1. d4 Nf6 2. c4 e6 3. g3 d5 4. Nf3 Be7 5. Bg2 O-O 6. Qc2 c5 7. dxc5 Qa5+ 8. Nc3 Nc6 9. cxd5 Nxd5 10. O-O Qxc5 11. Bd2 Rd8 12. Rac1 Nf6 13. Bg5 Bd7 14. Bxf6 gxf6 15. Rfd1 Be8 16. e3 Rxd1+ 17. Rxd1 Rd8 18. Rxd8 Bxd8 19. Qd2 Be7 20. Nd4 f5 21. Nxc6 Bxc6 22. Bxc6 Qxc6 23. Qd4 a6 24. e4 fxe4 25. Nxe4 Qc1+ 26. Kg2 Qc6 27. f3 Qc2+ 28. Kh3 Qb1 29. g4 Qf1+ 30. Kg3 Qe1+ 31. Kg2 Qe2+ 32. Kg3 Qe1+ 33. Kg2 Qe2+ 34. Kg3 h6 35. Qe5 Qe1+ 36. Kg2 Qe2+ 37. Kg3 Qe1+ 38. Kg2 Qd1 39. Qb8+ Kg7 40. Qe5+ Kg8 41. Qb8+ Kg7 42. Qe5+ Kg8 1/2-1/2

[Event "Malmo SWE"]
[Site "Malmo SWE"]
[Date "1994.??.??"]
[Round "7"]
[White "Krasenkow, Michal"]
[Black "Epishin, Vladimir V"]
[Result "1/2-1/2"]
[WhiteElo "2565"]
[BlackElo "2675"]
[PlyCount "31"]
[EventDate "1994.??.??"]
[Source "www.chesslib.no"]
[SourceDate "2004.05.04"]

1. d4 Nf6 2. c4 e6 3. g3 d5 4. Bg2 Be7 5. Nf3 O-O 6. O-O g6 7. Qc2 a5 8. Nbd2 b6 9. e3 Na6 10. b3 Nb8 11. Bb2 Na6 12. cxd5 Bd6 13. Rfc1 b5 14. Re1 Bf4 15. d6 Qe8 16. Rad1 1/2-1/2

[Event "Dos Hermanas"]
[Site "Dos Hermanas"]
[Date "2003.??.??"]
[Round "?"]
[White "Rustemov, A."]
[Black "Tiviakov, S."]
[Result "1/2-1/2"]
[WhiteElo "2604"]
[BlackElo "2635"]
[PlyCount "49"]
[EventDate "2003.??.??"]
[Source "Chess Informant"]
[SourceDate "2003.10.01"]

1. d4 Nf6 2. c4 e6 3. g3 d5 4. Bg2 Bb4+ 5. Bd2 Be7 6. Nf3 O-O 7. O-O c6 8. Qc2 b6 9. Bf4 Bb7 10. Rd1 Na6 11. Nc3 dxc4 12. Ne5 Nd5 13. Nxc4 Nxf4 14. gxf4 Nb4 15. Qb3 Nd5 16. e3 Rc8 17. Rac1 Rc7 18. Ne5 f6 19. Nd3 f5 20. Ne5 Bd6 21. Rd2 Bxe5 22. dxe5 Rd7 23. Rcd1 g5 24. fxg5 Qxg5 25. f4 1/2-1/2

[Event "PCA Qualifier"]
[Site "PCA Qualifier"]
[Date "1994.??.??"]
[Round "?"]
[White "Chernin, Alexander M"]
[Black "Speelman, Jonathan S"]
[Result "1/2-1/2"]
[WhiteElo "2630"]
[BlackElo "2605"]
[PlyCount "62"]
[EventDate "1994.??.??"]
[Source "www.chesslib.no"]
[SourceDate "2004.05.04"]

1. c4 e6 2. g3 d5 3. Bg2 Nf6 4. d4 Be7 5. Nf3 O-O 6. Qc2 Nc6 7. a3 dxc4 8. Qxc4 Qd5 9. Nbd2 Rd8 10. e3 a5 11. O-O a4 12. Qc2 Qf5 13. Qd1 Qb5 14. Nb1 e5 15. Nc3 Qa5 16. Qe1 exd4 17. Nxd4 Ne5 18. Bd2 Qb6 19. Rb1 c5 20. Nf3 Nxf3+ 21. Bxf3 Bh3 22. Nb5 Bf5 23. Bh1 c4 24. Qe2 Nd5 25. Rfe1 Qa5 26. Nc7 Nc3 27. Bc1 Rac8 28. Rd1 Qa7 29. Ne8 Bd6 30. Qd3 Be5 31. Ra1 Rc7 1/2-1/2

[Event "Las Vegas"]
[Site "?"]
[Date "2000.??.??"]
[Round "?"]
[White "Kaidanov, G."]
[Black "Ehlvest, J."]
[Result "1/2-1/2"]
[WhiteElo "2595"]
[BlackElo "2620"]
[PlyCount "60"]
[EventDate "2000.??.??"]
[Source "Chess Informant"]
[SourceDate "2000.10.01"]

1. d4 Nf6 2. c4 e6 3. g3 d5 4. Bg2 Be7 5. Nf3 O-O 6. O-O Nc6 7. b3 dxc4 8. bxc4 Na5 9. Qc2 c5 10. dxc5 Bxc5 11. Bb2 Qe7 12. Ne5 Bd7 13. Nd2 Rac8 14. Nxd7 Nxd7 15. Qc3 Qf6 16. Rad1 b6 17. Ne4 Qxc3 18. Bxc3 Rfd8 19. Bxa5 bxa5 20. Rd3 Be7 21. Rb1 Nc5 22. Nxc5 Bxc5 23. Rxd8+ Rxd8 24. Rb5 Rc8 25. Rxa5 Bb6 26. Ra4 Rd8 27. e3 Rd1+ 28. Bf1 Rd2 29. c5 Bxc5 30. Rc4 Bb6 1/2-1/2

[Event "Linares"]
[Site "?"]
[Date "1988.??.??"]
[Round "?"]
[White "Georgiev, Kir"]
[Black "Yusupov, A."]
[Result "1/2-1/2"]
[WhiteElo "2595"]
[BlackElo "2620"]
[PlyCount "84"]
[EventDate "1988.??.??"]
[Source "ChessBase"]
[SourceDate "1988.01.01"]

1. Nf3 d5 2. g3 c6 3. Bg2 Nf6 4. c4 e6 5. Qc2 Be7 6. O-O O-O 7. d4 b6 8. Nbd2 Bb7 9. e4 Na6 10. b3 Qc7 11. e5 Nd7 12. Bb2 c5 13. dxc5 Nb4 14. Qb1 Nxc5 15. Bc3 a5 16. a3 Nc6 17. Rc1 Qb8 18. b4 axb4 19. axb4 Na4 20. cxd5 Nxc3 21. Rxa8 Bxa8 22. Rxc3 exd5 23. Re3 Nxb4 24. e6 fxe6 25. Rxe6 Qc7 26. Nd4 Bc5 27. N2f3 Bxd4 28. Nxd4 Qc5 29. Qd1 Bb7 30. h4 Bc8 31. Re3 Bd7 32. Qd2 Kh8 33. h5 h6 34. Ne6 Bxe6 35. Rxe6 Kh7 36. Re1 Kh8 37. Rb1 Nc6 38. Rc1 Qd4 39. Qxd4 Nxd4 40. Kf1 Nf5 41. Ke2 Rd8 42. Kd3 Nd6 1/2-1/2

[Event "Hastings"]
[Site "?"]
[Date "1988.??.??"]
[Round "?"]
[White "Gulko, B."]
[Black "Chandler, M."]
[Result "1-0"]
[WhiteElo "2590"]
[BlackElo "2610"]
[PlyCount "115"]
[EventDate "1988.??.??"]
[Source "ChessBase"]
[SourceDate "1989.01.01"]

1. d4 Nf6 2. c4 e6 3. g3 Bb4+ 4. Bd2 Be7 5. Bg2 d5 6. Nf3 O-O 7. O-O c6 8. Qc2 b6 9. Bf4 Bb7 10. Rd1 Na6 11. Ne5 c5 12. dxc5 Bxc5 13. cxd5 exd5 14. Nc3 Qe7 15. Qf5 Qe6 16. Qxe6 fxe6 17. Nd3 Nb4 18. Nxc5 bxc5 19. Nb5 Ne8 20. Rac1 Na6 21. Bh3 Bc8 22. e4 Bd7 23. a4 d4 24. b4 Nxb4 25. Rxc5 d3 26. Bd2 Na6 27. Rc3 Nf6 28. f3 e5 29. Bf1 Rfd8 30. Bxd3 Be6 31. Be3 Nb4 32. Be2 Rxd1+ 33. Bxd1 Rd8 34. Be2 a5 35. Rc5 Bb3 36. Nc3 Nc2 37. Kf2 Rf8 38. h3 Nd7 39. Rc7 Nf6 40. Rc5 Be6 41. Bf1 h5 42. Rxe5 Rc8 43. Rc5 Rb8 44. Nb5 Nb4 45. Nd4 Bxh3 46. Rxa5 Bxf1 47. Kxf1 Rc8 48. Rb5 Nc2 49. Nxc2 Rxc2 50. a5 Ra2 51. Bd4 Nh7 52. Rb7 Nf6 53. Bxf6 gxf6 54. Rb5 h4 55. gxh4 Kg7 56. h5 Kh6 57. Rf5 Kg7 58. Ke1 1-0

[Event "SPICE Cup"]
[Site "Lubbock USA"]
[Date "2007.11.15"]
[Round "8"]
[White "Gulko, B."]
[Black "Miton, K."]
[Result "0-1"]
[WhiteElo "2571"]
[BlackElo "2628"]
[PlyCount "82"]
[EventDate "2007.11.09"]
[Source "www.chesslib.no"]
[SourceDate "2004.05.04"]

1. d4 d5 2. c4 c6 3. Nf3 Nf6 4. Nc3 e6 5. g3 Nbd7 6. Bg2 dxc4 7. O-O Be7 8. a4 O-O 9. Nd2 e5 10. Nxc4 exd4 11. Qxd4 Nb6 12. Qxd8 Rxd8 13. Nxb6 axb6 14. Be3 Ra6 15. Rfd1 Re8 16. Bd4 Be6 17. e4 Bb3 18. Bf1 Raa8 19. Re1 Nd7 20. f4 Red8 21. e5 Bb4 22. Rec1 Nc5 23. Be3 Be6 24. Rd1 Rxd1 25. Rxd1 Bxc3 26. bxc3 Nxa4 27. c4 Nb2 28. Rc1 Ra4 29. Bxb6 Bxc4 30. Bh3 Bd5 31. Bc8 Nc4 32. Rb1 Ra2 33. Rb4 Nd2 34. Kf2 c5 35. Rb5 Nc4+ 36. Ke1 Bc6 37. Rb3 Ra8 38. Bg4 Ra1+ 39. Ke2 h5 40. Bxh5 g6 41. Bg4 Ba4 0-1

[Event "Zonal"]
[Site "Sao Paulo zt"]
[Date "1995.??.??"]
[Round "?"]
[White "Granda Zuniga, Julio E"]
[Black "Mecking, Henrique"]
[Result "0-1"]
[WhiteElo "2620"]
[BlackElo "2575"]
[PlyCount "35"]
[EventDate "1995.??.??"]
[Source "www.chesslib.no"]
[SourceDate "2004.05.04"]

1. d4 Nf6 2. g3 e6 3. Bg2 d5 4. Nf3 Be7 5. c4 c6 6. Be3 O-O 7. a3 Nbd7 8. b4 b6 9. b5 Bb7 10. Qc1 cxb5 11. a4 Rc8 12. Qd1 Ra8 13. O-O bxa4 14. Nfd2 Ne4 15. Bf3 Qb8 16. Bh1 Nxf2 17. Kxf2 Qc8 18. Be4 0-1

[Event "Maribor"]
[Site "?"]
[Date "1996.??.??"]
[Round "?"]
[White "Kozul Zdenko"]
[Black "Beliavsky Alexander G"]
[Result "1/2-1/2"]
[WhiteElo "2580"]
[BlackElo "2615"]
[PlyCount "37"]
[EventDate "1996.??.??"]
[Source "www.chesslib.no"]
[SourceDate "2004.05.04"]

1. Nf3 d5 2. c4 e6 3. d4 Nf6 4. g3 Be7 5. Bg2 Qd7 6. O-O Ba3 7. cxd5 Bb4 8. a4 Bf8 9. g4 Qc6 10. Ne5 Qb5 11. Ng6 Qd7 12. a5 Qb5 13. d6 Qxe2 14. a6 Nc6 15. Qe1 b6 16. d5 Qxb2 17. Qd1 Qe2 18. Be3 Qd2 19. Bg5 1/2-1/2

[Event "4th Open A"]
[Site "Moscow RUS"]
[Date "2008.02.10"]
[Round "9"]
[White "Miroshnichenko, E."]
[Black "Khairullin, I."]
[Result "0-1"]
[WhiteElo "2647"]
[BlackElo "2544"]
[PlyCount "76"]
[EventDate "2008.02.02"]
[Source "www.chesslib.no"]
[SourceDate "2004.05.04"]

1. d4 Nf6 2. Nf3 e6 3. c4 d5 4. g3 Bb4+ 5. Bd2 Be7 6. Bg2 O-O 7. O-O c6 8. Qc2 b6 9. Bf4 Ba6 10. b3 Nbd7 11. Rd1 Rc8 12. Nc3 h6 13. h3 Nh5 14. Bc1 f5 15. a4 Bd6 16. Ba3 Bxa3 17. Rxa3 dxc4 18. a5 b5 19. Raa1 b4 20. Na4 c3 21. Ne5 Bb5 22. Nc5 Nxc5 23. dxc5 Qc7 24. Rd6 Rcd8 25. Qd1 f4 26. g4 f3 27. e3 Nf6 28. Bxf3 Nd5 29. Bxd5 Rxd6 30. cxd6 Qxd6 31. Ng6 exd5 32. Nxf8 Kxf8 33. Qc2 Qe5 34. Rd1 Qe4 35. Qa2 c5 36. a6 d4 37. exd4 Bc6 38. f3 c2 0-1

[Event "Amsterdam"]
[Site "?"]
[Date "1996.??.??"]
[Round "?"]
[White "Piket, Je"]
[Black "Morozevich, A."]
[Result "1-0"]
[WhiteElo "2580"]
[BlackElo "2610"]
[PlyCount "45"]
[EventDate "1996.??.??"]
[Source "ChessBase"]
[SourceDate "1996.06.01"]

1. d4 Nf6 2. Nf3 e6 3. g3 d5 4. Bg2 Be7 5. O-O O-O 6. c4 c6 7. Qc2 b6 8. Rd1 Bb7 9. Nc3 Na6 10. a3 Qc8 11. e4 Nxe4 12. Nxe4 dxe4 13. Qxe4 c5 14. d5 Re8 15. Qc2 exd5 16. cxd5 Qd8 17. d6 Bxf3 18. Bxf3 Bf6 19. Bxa8 Qxa8 20. Qa4 Bd4 21. d7 Re2 22. Qxa6 Bxf2+ 23. Kf1 1-0

[Event "National Open"]
[Site "National op"]
[Date "1994.??.??"]
[Round "5"]
[White "Gurevich, Dmitry B"]
[Black "Kaidanov, Gregory S"]
[Result "0-1"]
[WhiteElo "2545"]
[BlackElo "2645"]
[PlyCount "54"]
[EventDate "1994.??.??"]
[Source "www.chesslib.no"]
[SourceDate "2004.05.04"]

1. Nf3 Nf6 2. c4 e6 3. g3 d5 4. Bg2 Be7 5. d4 O-O 6. Qc2 c5 7. cxd5 cxd4 8. Nxd4 Nxd5 9. O-O Nb4 10. Qc3 e5 11. Nf3 N8c6 12. a3 Nd5 13. Qb3 e4 14. Rd1 Be6 15. Ne1 Na5 16. Qa4 Nb6 17. Qc2 Qc8 18. Nd2 f5 19. b4 Nb3 20. Rb1 Nd4 21. Qxc8 Raxc8 22. Bf1 Nb5 23. Bb2 Na4 24. Rdc1 Nxb2 25. Rxc8 Rxc8 26. Rxb2 Nxa3 27. Nb3 Bxb4 0-1

[Event "Olimpiadi 2008 - open"]
[Site "Dresda GER"]
[Date "2008.11.14"]
[Round "2"]
[White "Cheparinov, I."]
[Black "Mateo, Ra"]
[Result "1-0"]
[WhiteElo "2696"]
[BlackElo "2488"]
[PlyCount "175"]
[EventDate "2008.11.13"]
[Source "www.chesslib.no"]
[SourceDate "2004.05.04"]

1. Nf3 Nf6 2. c4 c5 3. g3 d5 4. cxd5 Nxd5 5. Bg2 Nc6 6. d4 e6 7. O-O Be7 8. Nc3 Nxc3 9. bxc3 O-O 10. e4 cxd4 11. cxd4 Bf6 12. Bb2 Bd7 13. Qe2 Na5 14. Rfd1 Ba4 15. Rdc1 a6 16. Qe1 Nc6 17. Qd2 Re8 18. Rab1 Bb5 19. Bc3 Rc8 20. Bh3 Nb8 21. Qe3 Nd7 22. e5 Be7 23. d5 Bc5 24. Qf4 h6 25. a4 Bd3 26. Rxb7 Ba3 27. dxe6 fxe6 28. Bb2 Rxc1+ 29. Bxc1 Bxc1 30. Qxc1 Be4 31. Rb3 Nc5 32. Re3 Qd5 33. Nd2 Bd3 34. Bg2 Qd4 35. h4 Rb8 36. Kh2 Nxa4 37. Qc7 Rf8 38. Rf3 Bf5 39. Nc4 Qc5 40. Qxc5 Nxc5 41. Ra3 Bd3 42. Nb2 Bb5 43. Kg1 Rd8 44. Rc3 Nd3 45. Nxd3 Rxd3 46. Rc8+ Kf7 47. Be4 Rd4 48. f3 Bd3 49. Rc7+ Kf8 50. Rc8+ Kf7 51. Rc7+ Kf8 52. Ba8 Rc4 53. Rd7 Rc1+ 54. Kf2 Bb5 55. Rd6 Ke7 56. Be4 a5 57. Rb6 Bd7 58. Ra6 a4 59. Ke3 Ra1 60. Kd2 Rh1 61. Ke3 Ra1 62. Kd2 Rh1 63. Ke3 Ra1 64. Kd4 Rd1+ 65. Kc5 h5 66. Ra7 Kd8 67. Ra8+ Kc7 68. Ra7+ Kd8 69. g4 Rc1+ 70. Kd6 Rd1+ 71. Kc5 Rc1+ 72. Kd4 hxg4 73. fxg4 Rd1+ 74. Ke3 Ra1 75. h5 a3 76. g5 Re1+ 77. Kf3 Rh1 78. Kg4 Rg1+ 79. Kh4 Re1 80. Bf3 Be8 81. Rxa3 Rxe5 82. Ra7 Rf5 83. Bg4 Rf7 84. Rxf7 Bxf7 85. h6 gxh6 86. gxh6 Bg6 87. Kg5 Bh7 88. Kf6 1-0

[Event "BIH-chT"]
[Site "Neum"]
[Date "2002.06.05"]
[Round "5.1"]
[White "Feletar, Darko"]
[Black "Adams, Michael"]
[Result "0-1"]
[WhiteElo "2435"]
[BlackElo "2744"]
[PlyCount "124"]
[EventDate "2002.06.02"]
[Source "ChessBase"]
[SourceDate "2002.09.20"]

1. Nf3 Nf6 2. c4 e6 3. g3 d5 4. d4 Bb4+ 5. Bd2 Be7 6. Bg2 O-O 7. O-O c6 8. Qc2 b6 9. Bf4 Bb7 10. Rd1 Nbd7 11. Nbd2 Nh5 12. Ne5 Nxf4 13. gxf4 Rc8 14. Nxd7 Qxd7 15. Qa4 b5 16. cxb5 cxb5 17. Qb3 b4 18. Rdc1 a5 19. e3 Ba6 20. Qd1 a4 21. Rxc8 Rxc8 22. Rc1 Rxc1 23. Qxc1 Bd3 24. Bf1 Bf5 25. Be2 h6 26. b3 a3 27. Nf3 Bd6 28. Ne1 f6 29. Bd3 Bh3 30. Qd1 e5 31. dxe5 fxe5 32. fxe5 Bxe5 33. Qh5 Qg4+ 34. Qxg4 Bxg4 35. f3 Bh5 36. Kg2 Kf7 37. Nc2 Bc3 38. Kg3 Kf6 39. Nd4 Be8 40. Nc2 Ke5 41. Kg4 Bd2 42. f4+ Kf6 43. Kh4 Bf7 44. Kg4 Be6+ 45. Kg3 Bd7 46. Kf3 Bc3 47. Kg3 Bc8 48. Kf3 g5 49. fxg5+ Kxg5 50. Nd4 h5 51. Nc2 Bg4+ 52. Kg2 Kh4 53. Bh7 Be2 54. Kf2 Bd1 55. Kg2 Kg4 56. h3+ Kg5 57. Bd3 Kh4 58. Bf5 Be2 59. Nd4 Bxd4 60. exd4 Bd1 61. Bb1 Kg5 62. Kf2 Kf4 0-1

[Event "USSR (ch)"]
[Site "?"]
[Date "1987.??.??"]
[Round "?"]
[White "Tukmakov, V."]
[Black "Beliavsky, A."]
[Result "1/2-1/2"]
[WhiteElo "2575"]
[BlackElo "2585"]
[PlyCount "37"]
[EventDate "1987.??.??"]
[Source "ChessBase"]
[SourceDate "1987.01.01"]

1. d4 Nf6 2. c4 e6 3. Nf3 d5 4. g3 Be7 5. Bg2 O-O 6. Qc2 c5 7. O-O cxd4 8. Nxd4 Nc6 9. Nxc6 bxc6 10. b3 Bb4 11. Bb2 Qe7 12. a3 Bd6 13. Nc3 Bb7 14. Rfd1 Rac8 15. e4 dxc4 16. bxc4 e5 17. Na4 Rcd8 18. Rd3 Bc7 19. Rad1 1/2-1/2

[Event "Yerevan"]
[Site "Yerevan"]
[Date "1989.??.??"]
[Round "?"]
[White "Csom, Istvan"]
[Black "Lputian, Smbat G"]
[Result "1/2-1/2"]
[WhiteElo "2545"]
[BlackElo "2610"]
[PlyCount "23"]
[EventDate "1989.05.??"]
[Source "ChessBase"]

1. c4 e6 2. Nf3 d5 3. g3 Nf6 4. Bg2 c5 5. O-O Nc6 6. cxd5 Nxd5 7. d4 Be7 8. dxc5 Bxc5 9. a3 O-O 10. Qc2 Be7 11. Rd1 Bd7 12. e4 1/2-1/2

[Event "Manila (ol)"]
[Site "?"]
[Date "1992.??.??"]
[Round "?"]
[White "Rogers, I."]
[Black "Georgiev, Ki"]
[Result "0-1"]
[WhiteElo "2550"]
[BlackElo "2605"]
[PlyCount "108"]
[EventDate "1992.??.??"]
[Source "ChessBase"]
[SourceDate "1992.06.01"]

1. d4 Nf6 2. c4 e6 3. g3 d5 4. Nf3 Be7 5. Bg2 O-O 6. O-O c6 7. Qc2 b6 8. Ne5 Bb7 9. Bf4 Nfd7 10. Nd3 Na6 11. cxd5 cxd5 12. Nd2 b5 13. Rfc1 Qb6 14. Nb3 Rfc8 15. Qd2 b4 16. Rxc8+ Rxc8 17. Ne5 Nab8 18. Rc1 Rxc1+ 19. Nxc1 Nxe5 20. dxe5 Nc6 21. Nd3 h6 22. h4 Ba6 23. Be3 Qa5 24. Nc1 Nxe5 25. Bxa7 Nc4 26. Qc2 Bb7 27. Bb8 b3 28. Nxb3 Qxa2 29. e4 Qxb2 30. Qxb2 Nxb2 31. exd5 Bxd5 32. Nc1 Bf6 33. Bf4 Kf8 34. Be3 Ke8 35. Ne2 Nc4 36. Bd4 Ke7 37. Bxf6+ Kxf6 38. Nf4 Ke5 39. Nh5 g6 40. Nf4 Nd2 41. Nd3+ Kd4 42. Nb4 Nf3+ 43. Bxf3 Bxf3 44. Nc2+ Kd3 45. Ne1+ Ke4 46. Nc2 Be2 47. f4 Bd1 48. Na3 Kf3 49. Kh2 f6 50. Nc4 Be2 51. Nd6 e5 52. fxe5 fxe5 53. Nf7 e4 54. Nxh6 Bc4 0-1

[Event "2. Gyorgy Marx Memorial"]
[Site "?"]
[Date "2004.06.09"]
[Round "5"]
[White "Kortschnoj Viktor"]
[Black "Portisch Lajos"]
[Result "1-0"]
[WhiteElo "2579"]
[BlackElo "2573"]
[PlyCount "99"]
[EventDate "2004.??.??"]
[Source "www.chesslib.no"]
[SourceDate "2004.05.04"]

1. d4 d5 2. c4 e6 3. Nc3 Be7 4. Nf3 Nf6 5. g3 O-O 6. Bg2 Nbd7 7. Qd3 c6 8. O-O Qa5 9. Rd1 b6 10. cxd5 cxd5 11. a3 Qa6 12. Nb5 Bb7 13. Bf4 Rac8 14. a4 Ne4 15. h4 Qa5 16. Ng5 Ndf6 17. f3 a6 18. fxe4 dxe4 19. Nxe4 Bxe4 20. Bxe4 axb5 21. axb5 Qb4 22. Bc6 Nh5 23. Bd2 Qd6 24. Kg2 f5 25. Qf3 g6 26. Ra7 Rcd8 27. e3 Bf6 28. Ra4 Be7 29. Ra7 Bf6 30. Be1 e5 31. Rd2 exd4 32. exd4 f4 33. g4 Ng3 34. Ba8 Rfe8 35. Bxg3 fxg3 36. g5 Re7 37. Rxe7 Bxe7 38. Bc6 Bf8 39. Qxg3 Qe6 40. Qf3 Bg7 41. Re2 Qd6 42. d5 Qb4 43. Qe4 Qxe4+ 44. Rxe4 Bxb2 45. Re7 Ba3 46. Rb7 Bc5 47. Bd7 Kh8 48. Be6 Rf8 49. Rd7 h6 50. h5 1-0

[Event "Biel"]
[Site "?"]
[Date "1994.??.??"]
[Round "?"]
[White "Chiburdanidze, M."]
[Black "Vaganian, R."]
[Result "1/2-1/2"]
[WhiteElo "2505"]
[BlackElo "2645"]
[PlyCount "71"]
[EventDate "1994.??.??"]
[Source "ChessBase"]
[SourceDate "1994.06.01"]

1. d4 Nf6 2. c4 e6 3. g3 d5 4. Nf3 Be7 5. Bg2 O-O 6. O-O c6 7. Qc2 b6 8. b3 Nbd7 9. Rd1 Ba6 10. a4 Rc8 11. a5 c5 12. axb6 Qxb6 13. Qa2 Bb7 14. Ba3 Ne4 15. e3 Bf6 16. Bb2 dxc4 17. bxc4 Rb8 18. Nc3 Ba8 19. Nxe4 Bxe4 20. Bc3 Qb7 21. Qxa7 Bxf3 22. Bxf3 Qxf3 23. Qxd7 h5 24. Qc7 Rb3 25. Be1 cxd4 26. exd4 g5 27. Rdb1 Bxd4 28. Rxb3 Qxb3 29. Ra5 Bf6 30. Rb5 Qd1 31. Qa5 Qf3 32. Bd2 Ra8 33. Rxg5+ Bxg5 34. Qxg5+ Kh7 35. Qh6+ Kg8 36. Qg5+ 1/2-1/2